Statistiques concernant Culture Générale - Série 18

Cliquez ici pour prendre le quiz!

Statistiques générales

  • Ce quiz a été pris 483 fois
  • Le résultat moyen est 5 sur 10

Statistiques - réponses

QuestionRéponse% Correct
Dans la mythologie grecque, qui était le dieu des Enfers ?Hadès
83%
Qui a écrit "Les Trois Mousquetaires" ?Alexandre Dumas
76%
Dans la mythologie grecque, que personnifie la déesse Gaïa ? :Terre
75%
De quel auteur français Jean Renoir s'est-il inspiré pour la réalisation de Nana et La Bête Humaine ?Emile Zola
55%
Dans la mythologie romaine, qui était le dieu des Enfers ?Pluton
51%
Quel est le nom du personnage principal de Stendhal dans "Le Rouge et le Noir" ?Julien Sorel
48%
Qui est la bête dans La Belle et la Bête de Jean Cocteau ?Jean Marais
36%
Qui est-ce qui a une "gueule d'atmosphère" ?Arletty
29%
Qui est "Casque d'or" ?Simone Signoret
24%
Qui a réalisé Les Visiteurs du Soir ?Marcel Carné
11%

Distribution des résultats

Percentile par nombre de réponses

% des personnes avec chaque résultat

Votre développement - résultats

Vous n’avez pas pris ce quiz